[Event "AUTONOMIC COMUNIDAD VALENCIANA"]
[Site "Vila-real (Castellón - SPAIN)"]
[Date "2009.08.22"]
[Round "6.2"]
[White "Granero Roca, Antonio"]
[Black "Garcia Fernandez, Carlos"]
[Result "0-1"]
[WhiteElo "2433"]
[BlackElo "2390"]
[PlyCount "24"]
[EventDate "2009.08.18"]

1. d4 Nf6 2. c4 c5 3. d5 b5 4. Qc2 Na6 5. a3 e6 6. dxe6 fxe6 7. e4 bxc4 8. e5
Nd5 9. Bxc4 Qa5+ 10. Bd2 Nab4 11. Qe4 Ba6 12. b3 {
PRACTICAMENTE IRREPRODUCIBLE, SIGUIO MAS DE 80 JUGADAS Y SE IMPUSIERON NEGRAS.}
Rb8 0-1

[Event "AUTONOMIC COMUNIDAD VALENCIANA"]
[Site "Vila-real (Castellón - SPAIN)"]
[Date "2009.08.22"]
[Round "6.3"]
[White "Roca Galarza, Jose"]
[Black "Fenollar Jorda, Manuel"]
[Result "1/2-1/2"]
[WhiteElo "2333"]
[BlackElo "2341"]
[PlyCount "99"]
[EventDate "2009.08.18"]

1. Nf3 d5 2. c4 c6 3. b3 Bg4 4. Ne5 Bf5 5. e3 Nd7 6. Nxd7 Qxd7 7. cxd5 Qxd5 8.
Nc3 Qd7 9. d4 Nf6 10. Ba3 Nd5 11. Rc1 Nxc3 12. Rxc3 e5 13. Bxf8 exd4 14. Bxg7
dxc3 15. Bxh8 Qxd1+ 16. Kxd1 O-O-O+ 17. Kc1 Rxh8 18. f3 Rd8 19. e4 Be6 20. Kc2
Rd2+ 21. Kxc3 Rxa2 22. f4 f6 23. f5 Bf7 24. g4 b5 25. h4 Ra3 26. g5 Rxb3+ 27.
Kd4 Rb4+ 28. Ke3 fxg5 29. hxg5 Rxe4+ 30. Kxe4 Bd5+ 31. Ke5 Bxh1 32. Bxb5 Kd7
33. Bd3 Bd5 34. Kf6 a5 35. Bc2 Kd6 36. Kg7 Ke5 37. Kxh7 a4 38. f6 a3 39. Bb1 c5
40. Kg7 c4 41. g6 c3 42. f7 Bxf7 43. gxf7 a2 44. Bxa2 c2 45. f8=Q c1=Q 46. Qf6+
Ke4 47. Bb1+ Kd5 48. Qd8+ Ke5 49. Bg6 Qc6 50. Qg5+ 1/2-1/2

[Event "AUTONOMIC COMUNIDAD VALENCIANA"]
[Site "Vila-real (Castellón - SPAIN)"]
[Date "2009.08.22"]
[Round "6.4"]
[White "Jordan Martinez, David"]
[Black "Cruz Lledo, Pablo"]
[Result "0-1"]
[WhiteElo "2176"]
[BlackElo "2190"]
[PlyCount "66"]
[EventDate "2009.08.18"]

1. e4 c6 2. d4 d5 3. e5 Bf5 4. Nf3 e6 5. Be2 c5 6. Be3 Qb6 7. c4 dxc4 8. Bxc4
Qxb2 9. Nbd2 Nc6 10. dxc5 Nh6 11. h3 Be7 12. O-O O-O 13. Qb3 Qxb3 14. Nxb3 Be4
15. Bxh6 Bxf3 16. gxf3 Nxe5 17. Be2 gxh6 18. Rfd1 Rfd8 19. Kg2 Ng6 20. Bb5 h5
21. Rac1 Rac8 22. Rxd8+ Rxd8 23. Rc4 a6 24. Ba4 Ne5 25. Re4 Nd3 26. Rc4 Rc8 27.
Bd7 Rc7 28. Rd4 Nxc5 29. Nxc5 Bxc5 30. Rd3 b5 31. f4 Kf8 32. a4 Ke7 33. axb5
Rxd7 0-1

[Event "AUTONOMIC COMUNIDAD VALENCIANA"]
[Site "Vila-real (Castellón - SPAIN)"]
[Date "2009.08.22"]
[Round "6.5"]
[White "Montoliu Cervero, Francisco"]
[Black "Olaru, Daniel"]
[Result "1-0"]
[WhiteElo "2063"]
[BlackElo "2104"]
[PlyCount "65"]
[EventDate "2009.08.18"]

1. e4 g6 2. d4 Bg7 3. Nc3 d6 4. f4 a6 5. Nf3 Nd7 6. Bd3 c5 7. Be3 b5 8. e5 cxd4
9. Be4 dxe3 10. Bxa8 dxe5 11. fxe5 Nxe5 12. Nxe5 Bxe5 13. Bc6+ Bd7 14. Qf3 Bxc6
15. Qxc6+ Kf8 16. Rd1 Qa5 17. Qc5 Bf6 18. Qxe3 b4 19. Nd5 Bxb2 20. O-O h5 21.
Qb3 Be5 22. Nxb4 Nf6 23. Kh1 Qb6 24. Qc4 Qb5 25. Qxb5 axb5 26. Nc6 Bc7 27. Nxe7
Bxh2 28. Rd8+ Kxe7 29. Rxh8 Be5 30. Re1 Nd7 31. Kg1 b4 32. Rc8 Kd6 33. Rd8 1-0

[Event "AUTONOMIC COMUNIDAD VALENCIANA"]
[Site "Vila-real (Castellón - SPAIN)"]
[Date "2009.08.22"]
[Round "6.6"]
[White "Benedito Salavert, Jaime"]
[Black "Ventura Monfort, Santiago"]
[Result "1-0"]
[WhiteElo "1965"]
[BlackElo "2077"]
[PlyCount "69"]
[EventDate "2009.08.18"]

1. d4 d5 2. c4 c6 3. Nc3 Nf6 4. Bg5 e6 5. Nf3 Nbd7 6. e3 Be7 7. Rc1 O-O 8. Bd3
dxc4 9. Bxc4 Nd5 10. Bxe7 Qxe7 11. O-O N7f6 12. Ne5 Nd7 13. Nd3 Nxc3 14. Rxc3
e5 15. d5 Nb6 16. dxc6 Nxc4 17. Rxc4 bxc6 18. Nc5 Rd8 19. Qc2 Rb8 20. b4 a5 21.
bxa5 Rb5 22. Qc3 f6 23. a4 Rb8 24. Rb4 Rxb4 25. Qxb4 Rd5 26. Rc1 Qd6 27. h3 g5
28. e4 Rd4 29. Qb3+ Kg7 30. Qb6 g4 31. Nb7 Rd1+ 32. Rxd1 Qxd1+ 33. Kh2 gxh3 34.
Qc7+ Bd7 35. Nc5 1-0

[Event "AUTONOMIC COMUNIDAD VALENCIANA"]
[Site "Vila-real (Castellón - SPAIN)"]
[Date "2009.08.22"]
[Round "6.7"]
[White "Roig Aguilar, Alejandro"]
[Black "De La Duena Y Navajas, Ricardo"]
[Result "1-0"]
[WhiteElo "2120"]
[BlackElo "1901"]
[PlyCount "55"]
[EventDate "2009.08.18"]

1. d4 f5 2. g3 e6 3. Bg2 Nf6 4. Nh3 c6 5. O-O d5 6. Nd2 Bd6 7. Nf3 Nbd7 8. Bf4
Nf8 9. Bxd6 Qxd6 10. Nf4 Ng6 11. Nxg6 hxg6 12. Ne5 Rh6 13. c4 Nd7 14. cxd5 exd5
15. Nd3 Nf6 16. Rc1 Ne4 17. Qe1 Be6 18. b4 Ke7 19. b5 Bd7 20. f3 Ng5 21. Nc5 b6
22. Nxd7 Kxd7 23. Rxc6 Qa3 24. Qd2 Nh3+ 25. Bxh3 Rxh3 26. Rfc1 Rah8 27. Rc7+
Ke8 28. Rxg7 1-0

[Event "AUTONOMIC COMUNIDAD VALENCIANA"]
[Site "Vila-real (Castellón - SPAIN)"]
[Date "2009.08.22"]
[Round "6.8"]
[White "Jordan Martinez, Miguel"]
[Black "Mingarro Carceller, Sergi"]
[Result "0-1"]
[WhiteElo "2118"]
[BlackElo "1743"]
[PlyCount "68"]
[EventDate "2009.08.18"]

1. e4 Nf6 2. Bc4 d5 3. exd5 Nxd5 4. Nf3 Bg4 5. d4 e6 6. c3 c6 7. O-O Bd6 8.
Nbd2 O-O 9. Ne4 Be7 10. Bb3 Nd7 11. c4 N5f6 12. Bc2 Nxe4 13. Bxe4 Nf6 14. Bc2
Bxf3 15. gxf3 Qc7 16. Qe2 Bd6 17. h3 Nh5 18. Qe4 f5 19. Qh4 Nf4 20. c5 Ne2+ 21.
Kh1 Bf4 22. Bxf4 Nxf4 23. Rg1 Kh8 24. Qg3 Rf6 25. Rac1 Rh6 26. h4 Qe7 27. Qxf4
Rxh4+ 28. Qxh4 Qxh4+ 29. Kg2 Qxd4 30. Rge1 h6 31. Re2 Rf8 32. Rce1 b5 33. Bb1
Rf6 34. Re5 Rg6+ 0-1

[Event "AUTONOMIC COMUNIDAD VALENCIANA"]
[Site "Vila-real (Castellón - SPAIN)"]
[Date "2009.08.22"]
[Round "6.9"]
[White "Sos Andreu, Erik"]
[Black "Sanchiz Marti, Josep Miquel"]
[Result "1-0"]
[WhiteElo "1871"]
[BlackElo "2046"]
[PlyCount "47"]
[EventDate "2009.08.18"]

1. e4 c5 2. c3 d5 3. exd5 Qxd5 4. d4 Nf6 5. Nf3 Bg4 6. Be2 e6 7. O-O Be7 8. Na3
Nc6 9. Nc2 Qd8 10. Be3 cxd4 11. Ncxd4 Nxd4 12. Nxd4 Bxe2 13. Qxe2 O-O 14. Rfd1
Qa5 15. Qf3 Nd5 16. c4 Nxe3 17. Qxe3 Bf6 18. Nf3 Bxb2 19. Rab1 Rfd8 20. Qb3 Bf6
21. Qxb7 Qxa2 22. c5 Qc2 23. Rdc1 Rab8 24. c6 1-0

[Event "AUTONOMIC COMUNIDAD VALENCIANA"]
[Site "Vila-real (Castellón - SPAIN)"]
[Date "2009.08.22"]
[Round "6.10"]
[White "Gurjao Alencar, Sandro"]
[Black "Del Hoyo, Pablo"]
[Result "1-0"]
[WhiteElo "1847"]
[BlackElo "1995"]
[PlyCount "85"]
[EventDate "2009.08.18"]

1. d4 Nf6 2. Nf3 e6 3. Bf4 c5 4. c3 Nc6 5. e3 Be7 6. Bd3 d5 7. Nbd2 Qb6 8. b3
Bd7 9. h3 Rc8 10. O-O Qa5 11. c4 cxd4 12. Nxd4 Nxd4 13. exd4 O-O 14. Qf3 Rfd8
15. Rfc1 Bc6 16. c5 b6 17. a3 bxc5 18. dxc5 e5 19. b4 Qc7 20. Bh2 Bf8 21. Qe2
Re8 22. Re1 Qd8 23. Nb3 e4 24. Ba6 d4 25. Bxc8 d3 26. Qd2 Qxc8 27. Nd4 Ba4 28.
Bf4 Nd5 29. f3 Qd7 30. c6 Qd8 31. Bg5 f6 32. fxe4 fxg5 33. exd5 Qxd5 34. Qxd3
Bxc6 35. Qb3 Rxe1+ 36. Rxe1 Qxb3 37. Nxb3 Kf7 38. Nc5 Bd6 39. Kf2 a5 40. Ne6
Kf6 41. Nd4 Bd5 42. Nb5 Be7 43. bxa5 1-0

[Event "AUTONOMIC COMUNIDAD VALENCIANA"]
[Site "Vila-real (Castellón - SPAIN)"]
[Date "2009.08.22"]
[Round "6.11"]
[White "Lopez Diaz, Rafael"]
[Black "Mezquita Broch, Pascual"]
[Result "1-0"]
[WhiteElo "1745"]
[BlackElo "1979"]
[PlyCount "57"]
[EventDate "2009.08.18"]

1. e4 e6 2. d4 d5 3. Nc3 Bb4 4. exd5 exd5 5. Bd2 Nf6 6. Be2 Bf5 7. Nf3 Nc6 8.
O-O O-O 9. Bg5 Bxc3 10. bxc3 Qd6 11. Nh4 Bd7 12. Bd3 Ne4 13. Qh5 g6 14. Qh6
Nxg5 15. Qxg5 f5 16. f4 Qf6 17. Qg3 Rfe8 18. Rae1 Kf7 19. Re5 Nxe5 20. fxe5 Qg7
21. c4 c6 22. cxd5 cxd5 23. c4 Be6 24. cxd5 Bxd5 25. Nxf5 gxf5 26. Rxf5+ Kg8
27. Rg5 Qxg5 28. Qxg5+ Kh8 29. Qh4 1-0

[Event "AUTONOMIC COMUNIDAD VALENCIANA"]
[Site "Vila-real (Castellón - SPAIN)"]
[Date "2009.08.22"]
[Round "6.12"]
[White "Chacon Flores, David"]
[Black "Navarrete Espi, Samuel"]
[Result "0-1"]
[WhiteElo "2018"]
[BlackElo "1804"]
[PlyCount "60"]
[EventDate "2009.08.18"]

1. c4 Nf6 2. Nc3 g6 3. g3 Bg7 4. Bg2 d6 5. d3 O-O 6. Nf3 e5 7. O-O Nc6 8. Bg5
h6 9. Bd2 Be6 10. e4 Qd7 11. a3 a5 12. Rb1 Bh3 13. Nd5 Nxd5 14. cxd5 Ne7 15.
Qc1 Kh7 16. Qc4 Bxg2 17. Kxg2 f5 18. Rbc1 c6 19. dxc6 bxc6 20. exf5 Rxf5 21.
Qg4 Raf8 22. h3 h5 23. Ng5+ Kh8 24. Qa4 Bh6 25. h4 Qb7 26. b4 axb4 27. axb4 Ra8
28. Qb3 Nd5 29. Qc4 c5 30. Qe4 {IRREPRODUCIBLE, SE IMPUSIERON NEGRAS.} Ra2 0-1

[Event "AUTONOMIC COMUNIDAD VALENCIANA"]
[Site "Vila-real (Castellón - SPAIN)"]
[Date "2009.08.22"]
[Round "6.13"]
[White "Vieito Soria, Luis Maria"]
[Black "Arroyo Cabrera, Andres"]
[Result "1-0"]
[WhiteElo "1897"]
[BlackElo "1736"]
[PlyCount "79"]
[EventDate "2009.08.18"]

1. e4 Nf6 2. d3 d6 3. Nf3 e5 4. g3 Be6 5. Bg2 Qc8 6. Nbd2 c5 7. c3 Nc6 8. Ng5
Bd7 9. Qb3 Nd8 10. f4 Ng4 11. Nf1 f6 12. Nf3 Be6 13. Qc2 f5 14. Ng5 Be7 15.
Nxe6 Qxe6 16. exf5 Qxf5 17. Qa4+ Kf8 18. Be4 Qc8 19. Ne3 Nxe3 20. Bxe3 a6 21.
O-O Bf6 22. fxe5 dxe5 23. d4 b5 24. Qa5 cxd4 25. Rxf6+ Ke8 26. Bxa8 gxf6 27.
cxd4 Qxa8 28. dxe5 fxe5 29. Qc7 Qe4 30. Re1 Qf5 31. Bc5 Qd7 32. Rxe5+ Ne6 33.
Qb8+ Kf7 34. Qxh8 Qd1+ 35. Kf2 Qc2+ 36. Kf1 Nxc5 37. Qe8+ Kf6 38. Qe7+ Kg6 39.
Qg5+ Kf7 40. Re7+ 1-0

[Event "AUTONOMIC COMUNIDAD VALENCIANA"]
[Site "Vila-real (Castellón - SPAIN)"]
[Date "2009.08.22"]
[Round "6.14"]
[White "Vieito Ribelles, Ariadna"]
[Black "Balaguer Miralles, Miguel Angel"]
[Result "0-1"]
[WhiteElo "1731"]
[BlackElo "1894"]
[PlyCount "118"]
[EventDate "2009.08.18"]

1. e4 e5 2. Nf3 Nf6 3. Nxe5 Qe7 4. Nf3 Qxe4+ 5. Qe2 d5 6. Nc3 Qxe2+ 7. Bxe2 Bc5
8. d4 Bb4 9. Bd2 O-O 10. h3 Re8 11. a3 Bxc3 12. Bxc3 Bf5 13. Rc1 Ne4 14. g4
Nxc3 15. bxc3 Be4 16. Kd2 Nc6 17. Rhe1 Na5 18. Rb1 b6 19. a4 Re7 20. Ng5 Bg6
21. Bb5 Rxe1 22. Rxe1 c6 23. Bf1 h6 24. Nf3 Be4 25. Ne5 f6 26. f3 Bh7 27. Nd3
Kf7 28. Nf4 g5 29. Bd3 Bxd3 30. Nxd3 Re8 31. Rxe8 Kxe8 32. Ke2 Nc4 33. Kf2 b5
34. axb5 cxb5 35. Nb4 Nb6 36. Ke2 a5 37. Na2 Nc4 38. Nc1 a4 39. Na2 a3 40. Nb4
Kd7 41. Kd3 Ke6 42. Ke2 f5 43. Kd3 Nd6 44. Ke3 Ne8 45. Kd3 Nf6 46. Ke3 h5 47.
gxh5 Nxh5 48. Kf2 Nf4 49. Kf1 Nxh3 50. Kg2 Nf4+ 51. Kf1 g4 52. fxg4 fxg4 53.
Kf2 Kf5 54. Na2 Nh5 55. Nb4 Ke4 56. Kf1 Kf3 57. Kg1 g3 58. Na2 Nf4 59. Kf1 g2+
0-1

[Event "AUTONOMIC COMUNIDAD VALENCIANA"]
[Site "Vila-real (Castellón - SPAIN)"]
[Date "2009.08.22"]
[Round "6.15"]
[White "Raimundo Medina, Fermin"]
[Black "Marti Blanes, Jose Manuel"]
[Result "0-1"]
[WhiteElo "1640"]
[BlackElo "1871"]
[PlyCount "78"]
[EventDate "2009.08.18"]

1. e4 c5 2. Nf3 d6 3. d4 cxd4 4. Nxd4 Nf6 5. Nc3 a6 6. f3 e6 7. Be3 b5 8. Qd2
Nbd7 9. O-O-O Bb7 10. g4 Nb6 11. h4 Rc8 12. Kb1 b4 13. Ncb5 axb5 14. Bxb5+ Nfd7
15. Qxb4 Na8 16. g5 d5 17. Qd2 Nab6 18. b3 Qc7 19. h5 Qc3 20. g6 Qxd2 21. Rxd2
hxg6 22. Nxe6 fxe6 23. Bxb6 Bc6 24. Bxc6 Rxc6 25. Be3 dxe4 26. Re1 Rc7 27. hxg6
Rh3 28. Bf4 e5 29. Bg5 exf3 30. Rd5 Be7 31. Bxe7 Kxe7 32. Rd3 e4 33. Rde3 Nf6
34. a4 Ke6 35. a5 Ke5 36. Kb2 Kf4 37. Rc3 Rxc3 38. Kxc3 f2+ 39. Kd2 e3+ 0-1

[Event "AUTONOMIC COMUNIDAD VALENCIANA"]
[Site "Vila-real (Castellón - SPAIN)"]
[Date "2009.08.22"]
[Round "7.1"]
[White "Tello Nunez, Alejandro"]
[Black "Cruz Lledo, Pablo"]
[Result "1/2-1/2"]
[WhiteElo "2297"]
[BlackElo "2190"]
[PlyCount "37"]
[EventDate "2009.08.18"]

1. e4 c6 2. d4 d5 3. exd5 cxd5 4. c4 Nf6 5. Nc3 e6 6. Nf3 Be7 7. cxd5 exd5 8.
Bd3 Nc6 9. h3 O-O 10. O-O b6 11. Re1 Bb7 12. Bg5 Re8 13. a3 Na5 14. Ne5 Ne4 15.
Bxe7 Rxe7 16. Bxe4 dxe4 17. b4 Nc6 18. Rxe4 Nxe5 19. Rxe5 1/2-1/2

[Event "AUTONOMIC COMUNIDAD VALENCIANA"]
[Site "Vila-real (Castellón - SPAIN)"]
[Date "2009.08.22"]
[Round "7.2"]
[White "Garcia Fernandez, Carlos"]
[Black "Alvarez Ibarra, Rafael"]
[Result "1/2-1/2"]
[WhiteElo "2390"]
[BlackElo "2384"]
[PlyCount "30"]
[EventDate "2009.08.18"]

1. e4 e6 2. d4 d5 3. e5 c5 4. c3 Nc6 5. Nf3 Nh6 6. a3 Nf5 7. b4 cxd4 8. cxd4
Qb6 9. Be3 f6 10. b5 fxe5 11. dxe5 Nxe3 12. fxe3 Qxe3+ 13. Qe2 Qc1+ 14. Qd1
Qe3+ 15. Qe2 Qc1+ 1/2-1/2

[Event "AUTONOMIC COMUNIDAD VALENCIANA"]
[Site "Vila-real (Castellón - SPAIN)"]
[Date "2009.08.22"]
[Round "7.3"]
[White "Carbonell Bofill, Carlos Eloy"]
[Black "Granero Roca, Antonio"]
[Result "0-1"]
[WhiteElo "2203"]
[BlackElo "2433"]
[PlyCount "76"]
[EventDate "2009.08.18"]

1. f4 d5 2. d4 Nf6 3. Nf3 Bf5 4. e3 e6 5. Bd3 Ne4 6. O-O Nd7 7. c4 Be7 8. Nc3
Nxc3 9. bxc3 Nf6 10. cxd5 Qxd5 11. c4 Qa5 12. Bd2 Qa6 13. Bxf5 exf5 14. Qb1 Ne4
15. Bb4 c5 16. Bxc5 Bxc5 17. dxc5 O-O 18. Ng5 Rfe8 19. Nxe4 Rxe4 20. Qb5 Qa3
21. Qxb7 Rae8 22. Qd5 Qxe3+ 23. Kh1 g6 24. c6 Qc3 25. h3 Rxc4 26. Rfc1 Qxc1+
27. Rxc1 Rxc1+ 28. Kh2 Rc8 29. Qd7 R8xc6 30. Qxa7 R1c4 31. Kg3 Rc3+ 32. Kh4 h6
33. a4 R6c4 34. g3 g5+ 35. Kh5 Rxg3 36. Kxh6 Rc6+ 37. Kh5 Kg7 38. Qd4+ Kh7 0-1

[Event "AUTONOMIC COMUNIDAD VALENCIANA"]
[Site "Vila-real (Castellón - SPAIN)"]
[Date "2009.08.22"]
[Round "7.4"]
[White "Fenollar Jorda, Manuel"]
[Black "Montoliu Cervero, Francisco"]
[Result "1-0"]
[WhiteElo "2341"]
[BlackElo "2063"]
[PlyCount "87"]
[EventDate "2009.08.18"]

1. d4 d5 2. Nf3 Nf6 3. e3 c6 4. c4 a6 5. Bd3 b5 6. c5 Bg4 7. Nbd2 Nbd7 8. Qc2
g6 9. a4 Bg7 10. b4 O-O 11. Bb2 Qc7 12. h3 Bxf3 13. Nxf3 Rfb8 14. O-O e6 15.
Ra3 Ne8 16. Rfa1 Qb7 17. R1a2 Nc7 18. Qc1 Re8 19. Qa1 Reb8 20. Nd2 Qc8 21. Nb3
Kf8 22. Bc3 Nf6 23. f3 Ng8 24. Be1 Nf6 25. Bg3 Nfe8 26. Bd6+ Kg8 27. axb5 axb5
28. Rxa8 Rxa8 29. Rxa8 Nxa8 30. Qa7 Bf8 31. Bg3 Bh6 32. Kf2 Nac7 33. Ke2 Na6
34. Be1 Kf8 35. Na5 Bg5 36. Nb7 Nec7 37. e4 Bf6 38. e5 Bg5 39. Qb6 Qd7 40. Na5
Bc1 41. Nxc6 Ba3 42. Nb8 Nxb8 43. Qxb8+ Kg7 44. Bh4 1-0

[Event "AUTONOMIC COMUNIDAD VALENCIANA"]
[Site "Vila-real (Castellón - SPAIN)"]
[Date "2009.08.22"]
[Round "7.5"]
[White "Benedito Salavert, Jaime"]
[Black "Roca Galarza, Jose"]
[Result "0-1"]
[WhiteElo "1965"]
[BlackElo "2333"]
[PlyCount "106"]
[EventDate "2009.08.18"]

1. d4 Nf6 2. Nf3 e6 3. c4 Bb4+ 4. Bd2 Qe7 5. a3 Bxd2+ 6. Qxd2 a5 7. Nc3 O-O 8.
e4 d6 9. Be2 Nc6 10. O-O e5 11. d5 Nb8 12. Ne1 a4 13. Nd3 Nbd7 14. Rfb1 Nb6 15.
Nb4 Nfd7 16. b3 axb3 17. Rxb3 Nc5 18. Rbb1 f5 19. f3 Bd7 20. Nc2 f4 21. Nb5
Bxb5 22. Rxb5 Nbd7 23. Qd1 Ra7 24. Qc1 Rf6 25. Ra2 Rh6 26. Qe1 Qg5 27. Ra5 Rg6
28. Bf1 Rxa5 29. Qxa5 Nb6 30. Qb5 h6 31. Ne1 Kh7 32. Nd3 Nbd7 33. Nxc5 Nxc5 34.
a4 Qh5 35. Ra3 Qh4 36. Qb4 Rg5 37. Qd2 Rh5 38. h3 Qg3 39. Kh1 Qg5 40. a5 Qe7
41. Qa2 Rg5 42. Qf2 Rg6 43. Be2 Kh8 44. Bd1 Rg3 45. Bc2 Qh4 46. Qf1 h5 47. Ra2
Kh7 48. Ba4 Qd8 49. Bb5 g5 50. a6 bxa6 51. Bxa6 g4 52. Kh2 gxh3 53. gxh3 Qa8
0-1

[Event "AUTONOMIC COMUNIDAD VALENCIANA"]
[Site "Vila-real (Castellón - SPAIN)"]
[Date "2009.08.22"]
[Round "7.6"]
[White "Gurjao Alencar, Sandro"]
[Black "Penades Ordaz, Victor"]
[Result "0-1"]
[WhiteElo "1847"]
[BlackElo "2175"]
[PlyCount "164"]
[EventDate "2009.08.18"]

1. d4 c5 2. c3 cxd4 3. cxd4 Nf6 4. Nf3 g6 5. Bf4 Bg7 6. e3 O-O 7. Bc4 b6 8.
Nbd2 Ba6 9. Bxa6 Nxa6 10. Qa4 Qc8 11. O-O Qb7 12. Rac1 Rac8 13. Nb3 d6 14. Nfd2
Nc7 15. Bg3 Ne6 16. Qb5 Nc7 17. Qd3 Qa6 18. Qxa6 Nxa6 19. a3 h6 20. h3 Rfd8 21.
Nb1 Ne4 22. Bh2 f5 23. f3 Nf6 24. Nc3 Nc7 25. Kf2 Kf7 26. Rfd1 Nfd5 27. Nxd5
Nxd5 28. Ke2 Ke6 29. Kd3 Kd7 30. e4 fxe4+ 31. fxe4 Rxc1 32. Nxc1 Nc7 33. Rf1
Ne6 34. Ne2 Rc8 35. b4 Rf8 36. Rxf8 Nxf8 37. Nc3 Ne6 38. Ne2 Nc7 39. a4 b5 40.
a5 Na6 41. Kc3 e6 42. g4 Bf8 43. d5 Bg7+ 44. Kb3 exd5 45. exd5 Nc7 46. Ng3 Be5
47. Nf1 Nxd5 48. Bg1 a6 49. Ne3 Nxe3 50. Bxe3 h5 51. Kc2 hxg4 52. hxg4 Ke6 53.
Kd3 Kd5 54. Bc1 Bg3 55. Bd2 Bf2 56. Bc3 Ba7 57. Bd2 Bd4 58. Bc1 Ke5 59. Bd2 Bf2
60. Ke2 Bg1 61. Kd3 Ba7 62. Bg5 d5 63. Bd2 Bf2 64. Ke2 Bh4 65. Kd3 Be7 66. Be1
d4 67. Bd2 Bh4 68. Bh6 Be1 69. Bf8 g5 70. Bc5 Bc3 71. Bb6 Kf4 72. Bxd4 Bxd4 73.
Kxd4 Kxg4 74. Kc5 Kf4 75. Kb6 g4 76. Kxa6 g3 77. Kb7 g2 78. a6 g1=Q 79. a7 Qg7+
80. Kb8 Qf8+ 81. Kb7 Qxb4 82. a8=Q Qe4+ 0-1

[Event "AUTONOMIC COMUNIDAD VALENCIANA"]
[Site "Vila-real (Castellón - SPAIN)"]
[Date "2009.08.22"]
[Round "7.7"]
[White "Mingarro Carceller, Sergi"]
[Black "Roig Aguilar, Alejandro"]
[Result "1-0"]
[WhiteElo "1743"]
[BlackElo "2120"]
[PlyCount "91"]
[EventDate "2009.08.18"]

1. e4 c5 2. c3 d6 3. d4 Nc6 4. Nf3 Nf6 5. d5 Nb8 6. Bd3 g6 7. O-O Bg7 8. Bg5
O-O 9. Qc1 Bg4 10. Nbd2 h6 11. Be3 Kh7 12. h3 Bxf3 13. Nxf3 Nbd7 14. Nd2 a6 15.
f4 b5 16. c4 Rb8 17. Rb1 Qa5 18. a3 Rfc8 19. g4 Qc7 20. Qe1 bxc4 21. Nxc4 Ng8
22. g5 Nb6 23. f5 Nxc4 24. Bxc4 Rf8 25. h4 h5 26. Qe2 Qd8 27. Bd3 Rb3 28. e5
Rxd3 29. Qxd3 Bxe5 30. Rf3 Kg7 31. Rbf1 Qc8 32. Qe4 Bxb2 33. fxg6 f6 34. Rf5
Be5 35. Bf4 Qe8 36. Bxe5 dxe5 37. d6 Qxg6 38. dxe7 Nxe7 39. Qb7 Rf7 40. Rxf6
Rxf6 41. Rxf6 Qe8 42. Re6 Kf7 43. Qxa6 Qd8 44. Rd6 Qb8 45. Rf6+ Kg7 46. Qe6 1-0

[Event "AUTONOMIC COMUNIDAD VALENCIANA"]
[Site "Vila-real (Castellón - SPAIN)"]
[Date "2009.08.22"]
[Round "7.8"]
[White "Saborit Ripolles, Manuel"]
[Black "Sos Andreu, Erik"]
[Result "1/2-1/2"]
[WhiteElo "2008"]
[BlackElo "1871"]
[PlyCount "21"]
[EventDate "2009.08.18"]

1. e4 c5 2. Nf3 d6 3. d4 cxd4 4. Nxd4 Nf6 5. Nc3 a6 6. Bg5 e6 7. f4 Be7 8. Qf3
Qb6 9. O-O-O Nbd7 10. Bc4 Nc5 11. e5 1/2-1/2

[Event "AUTONOMIC COMUNIDAD VALENCIANA"]
[Site "Vila-real (Castellón - SPAIN)"]
[Date "2009.08.22"]
[Round "7.9"]
[White "Palacios Perez, Jose Luis"]
[Black "Lopez Diaz, Rafael"]
[Result "1-0"]
[WhiteElo "1916"]
[BlackElo "1745"]
[PlyCount "61"]
[EventDate "2009.08.18"]

1. d4 d5 2. c4 c6 3. Nf3 Bf5 4. cxd5 cxd5 5. Nc3 Nf6 6. Qb3 b6 7. Bf4 Nc6 8. e3
Na5 9. Bb5+ Bd7 10. Qa4 e6 11. O-O Be7 12. Ne5 a6 13. Bxd7+ Nxd7 14. b4 Nc4 15.
Nc6 Qc8 16. Nxe7 Kxe7 17. b5 a5 18. e4 Qb7 19. exd5 exd5 20. Rfe1+ Kf6 21. Qd1
g5 22. Bg3 Kg6 23. h4 h6 24. h5+ Kg7 25. Qd3 Nf6 26. Be5 Nxe5 27. Rxe5 Nxh5 28.
Rae1 Nf4 29. Qf5 Rad8 30. Re7 Qxe7 31. Rxe7 1-0

[Event "AUTONOMIC COMUNIDAD VALENCIANA"]
[Site "Vila-real (Castellón - SPAIN)"]
[Date "2009.08.22"]
[Round "7.10"]
[White "Balaguer Miralles, Miguel Angel"]
[Black "Jordan Martinez, David"]
[Result "0-1"]
[WhiteElo "1894"]
[BlackElo "2176"]
[PlyCount "64"]
[EventDate "2009.08.18"]

1. e4 c5 2. c3 d5 3. exd5 Qxd5 4. Qf3 Qd6 5. Bb5+ Nc6 6. d4 cxd4 7. cxd4 Nf6 8.
Nc3 Bg4 9. Qf4 e6 10. f3 Bf5 11. Nge2 Rd8 12. O-O Be7 13. Bxc6+ Qxc6 14. Qg3
O-O 15. Bg5 Rd7 16. Rad1 Rfd8 17. Nf4 Rxd4 18. Bxf6 Bxf6 19. Nh5 e5 20. Rxd4
exd4 21. Ne4 Bg6 22. Nhxf6+ gxf6 23. Qf4 Kg7 24. h4 d3 25. Nd2 Qb6+ 26. Kh1
Qxb2 27. g4 h6 28. Rb1 Qe5 29. Qb4 Qg3 30. h5 Re8 31. Ne4 Qxf3+ 32. Kh2 Rxe4
0-1

[Event "AUTONOMIC COMUNIDAD VALENCIANA"]
[Site "Vila-real (Castellón - SPAIN)"]
[Date "2009.08.22"]
[Round "7.12"]
[White "Olaru, Daniel"]
[Black "Gallego Mora, Salvador"]
[Result "0-1"]
[WhiteElo "2104"]
[BlackElo "1814"]
[PlyCount "80"]
[EventDate "2009.08.18"]

1. d4 d5 2. Nf3 Nf6 3. Bf4 e6 4. e3 Bd6 5. Bg3 Bxg3 6. hxg3 Qd6 7. Nbd2 Bd7 8.
Bd3 Nc6 9. c3 e5 10. dxe5 Nxe5 11. Nxe5 Qxe5 12. Qb3 O-O-O 13. Nf3 Qe7 14. O-O
h5 15. c4 Be6 16. Rac1 Ne4 17. Qa4 Kb8 18. Nd4 Bd7 19. Qc2 c5 20. cxd5 cxd4 21.
Bxe4 dxe3 22. Qc7+ Ka8 23. f3 Rc8 24. Qa5 Rxc1 25. Rxc1 f5 26. Bd3 h4 27. Qe1
g5 28. gxh4 Rxh4 29. g3 Rh8 30. Qe2 Qd6 31. Bc4 Qxg3+ 32. Qg2 Qf4 33. Rc2 Qd4
34. Qe2 Qh4 35. Qg2 f4 36. Rc1 Bh3 37. Qh2 g4 38. Bf1 gxf3 39. Bxh3 f2+ 40. Kf1
f3 0-1

[Event "AUTONOMIC COMUNIDAD VALENCIANA"]
[Site "Vila-real (Castellón - SPAIN)"]
[Date "2009.08.22"]
[Round "7.13"]
[White "Ventura Monfort, Santiago"]
[Black "Navarrete Espi, Samuel"]
[Result "1/2-1/2"]
[WhiteElo "2077"]
[BlackElo "1804"]
[PlyCount "35"]
[EventDate "2009.08.18"]

1. f4 Nf6 2. Nf3 g6 3. b3 Bg7 4. Bb2 d5 5. e3 c6 6. Be2 O-O 7. O-O Nbd7 8. d4
Ne4 9. Nbd2 Ndf6 10. Nxe4 Nxe4 11. c4 Bf5 12. Bd3 e6 13. a4 a5 14. Qc2 Nd6 15.
Ba3 Re8 16. Rad1 Rb8 17. c5 {ILEGIBLE, TABLAS.} Bxd3 18. Qxd3 1/2-1/2

[Event "AUTONOMIC COMUNIDAD VALENCIANA"]
[Site "Vila-real (Castellón - SPAIN)"]
[Date "2009.08.22"]
[Round "7.15"]
[White "Moran Marzal, Fancisco Javier"]
[Black "Vieito Soria, Luis Maria"]
[Result "0-1"]
[WhiteElo "1791"]
[BlackElo "1897"]
[PlyCount "66"]
[EventDate "2009.08.18"]

1. d4 Nf6 2. c4 e6 3. Nf3 b6 4. g3 Bb7 5. Bg2 Be7 6. O-O O-O 7. Nc3 Ne4 8. Nxe4
Bxe4 9. Nh4 Bxg2 10. Nxg2 d5 11. Qa4 Qd7 12. Qxd7 Nxd7 13. cxd5 exd5 14. Bf4
Rac8 15. Rac1 c6 16. Rc2 Rfe8 17. Rfc1 c5 18. dxc5 bxc5 19. Be3 g5 20. g4 Rb8
21. f3 d4 22. Bf2 Rb6 23. Bg3 Re6 24. Kf1 Nb6 25. b3 Nd5 26. Rd2 Nc3 27. e4
dxe3 28. Rd3 Nxa2 29. Re1 e2+ 30. Rxe2 Rxe2 31. Kxe2 Nc1+ 32. Kd2 Nxd3 33. Kxd3
Rd8+ 0-1